• 首页
  • 本馆介绍
  • 公告通知
  • 最新文献
  • 馆藏检索
  • 电子资源
  • 读者导购
  • 参考咨询
  • 我的图书馆
  • 登录
  • 详细信息显示
  • 放入我的书架
  • 预约/预借图书
  • 作者相关作品
  • 分类相关作品
  • 丛书相关作品
  • 出版社相关作品

书目信息

  • 表格格式
  • 工作单格式
  • 卡片格式
题名:
认知语言学
    
 
作者: 王寅 著
分册:  
出版信息: 上海   上海外语教育出版社  2021.08
页数: xxix, 679页
开本: 23cm
丛书名: 外国语言文学高被引学术丛书
单 册:
中图分类: H0-06
科图分类:
主题词: 认知语言学--ren zhi yu yan xue--研究
电子资源:
ISBN: 978-7-5446-6784-5
000 01338nam 2200277 450
001 CAL 0120217248121
005 20230308143222.0
010    @a978-7-5446-6784-5@dCNY135.00
100    @a20210915d2021 em y0chiy0120 ea
101 0  @achi
102    @aCN@b310000
105    @aa a 000yy
106    @ar
200 1  @a认知语言学@Aren zhi yu yan xue@e重排校订版@f王寅著
210    @a上海@c上海外语教育出版社@d2021.08
215    @axxix, 679页@c图@d23cm
225 2  @a外国语言文学高被引学术丛书@Awai guo yu yan wen xue gao bei yin xue shu cong shu
300    @a本项研究为2002年度国家社会科学基金项目, 并得到教育部人文社会科学重点研究基地和四川外语学院资助 本书获重庆市第六次社会科学优秀成果评选一等奖
320    @a有书目 (第591-617页)
330    @a本书将狭义认知语言学定义为“坚持体验哲学观, 以身体经验和认知为出发点, 以概念结构和意义研究为中心, 着力寻求语言事实背后的认知方式, 并通过认知方式和知识结构等对语言作出统一解释的新兴的、跨领域的学科”, 并以此为主线, 将定义中提及的主要观点, 特别是对诸如感知体验、范畴化、认知模型 (包括CM、ICM、ECM和心智空间) 、意象图式、隐喻转喻、识解等认知方式, 逐一展开论述。
410  0 @12001 @a外国语言文学高被引学术丛书
606 0  @a认知语言学@Aren zhi yu yan xue@x研究
690    @aH0-06@v5
701  0 @a王寅@Awang yin@4著
801  0 @aCN@bBJXHXP@c20230308
905    @b1392958-9@dH0-06@e320@f2
    
    认知语言学:重排校订版/王寅著.-上海:上海外语教育出版社,2021.08
    xxix, 679页:图;23cm.-(外国语言文学高被引学术丛书)
    本项研究为2002年度国家社会科学基金项目, 并得到教育部人文社会科学重点研究基地和四川外语学院资助 本书获重庆市第六次社会科学优秀成果评选一等奖
    
    ISBN 978-7-5446-6784-5:CNY135.00
    本书将狭义认知语言学定义为“坚持体验哲学观, 以身体经验和认知为出发点, 以概念结构和意义研究为中心, 着力寻求语言事实背后的认知方式, 并通过认知方式和知识结构等对语言作出统一解释的新兴的、跨领域的学科”, 并以此为主线, 将定义中提及的主要观点, 特别是对诸如感知体验、范畴化、认知模型 (包括CM、ICM、ECM和心智空间) 、意象图式、隐喻转喻、识解等认知方式, 逐一展开论述。
●
相关链接 在E读中查询图书 在五车中查询图书 在当当中查询图书 在豆瓣中查询图书


正题名:认知语言学     索取号:H0-06/320         预约/预借

序号 登录号 条形码 馆藏地/架位号 状态 备注
1 1392958   213929588   第二样本阅览室/ [索取号:H0-06/320] 在馆    
2 1392959   213929597   第四借阅区/ [索取号:H0-06/320] 在馆    
唐山师范学院图书馆 欢迎您!
大连网信软件有限公司© 版权所有